Phân tích văn chương nước ngoài 9 C.C.G.D

Kaydedildi:
Detaylı Bibliyografya
Yazar: Nguyễn Lộc
Diğer Yazarlar: Ninh Viết Giao (tác giả), Tống Trần Ngọc (tác giả)
Materyal Türü: Kitap
Baskı/Yayın Bilgisi: H. Nxb Hà Nội 1991
Seri Bilgileri:Tủ sách hai tốt
Konular:
Etiketler: Etiketle
Etiket eklenmemiş, İlk siz ekleyin!
Thư viện lưu trữ: Trung tâm Học liệu Lê Vũ Hùng, Trường Đại học Đồng Tháp
LEADER 00850pam a22002418a 4500
001 00022880
005 20171026081025.0
008 110606s1991 ||||||Viesd
041 0 # |a Vie 
082 1 4 |a 809  |b PH121T 
100 0 # |a Nguyễn Lộc 
245 0 0 |a Phân tích văn chương nước ngoài 9 C.C.G.D  |c Nguyễn Lộc, Tống Trần Ngọc, Ninh Viết Giao 
260 # # |a H.  |b Nxb Hà Nội  |c 1991 
300 # # |a 36 tr.  |c 19 cm. 
490 # # |a Tủ sách hai tốt 
650 # 4 |a Văn học nước noài 
653 # # |a Phân tích 
700 0 # |a Ninh Viết Giao  |e tác giả 
700 0 # |a Tống Trần Ngọc  |e tác giả 
852 # # |b Kho đọc  |j KD.0009267 
852 # # |j KD.0009267 
910 0 # |a nhnam  |d 06/06/2011 
980 # # |a Trung tâm Học liệu Lê Vũ Hùng, Trường Đại học Đồng Tháp